Modranské zvesti
| Format: | Journal |
|---|---|
| Language: | Slovak |
| PhysicalDescription: | zv. 30-32 cm |
| Published: |
Modra
Mesto
1993-
Modra Mestské kultúrne stredisko Modra Média Modra, s.r.o. Modra Kultúrne centrum Modra |
| ISSN: | 1339-3251 |
| Subjects: | |
| Online Access: | https://www.modra.sk/modranske-zvesti/ds-1022 |
MARC
| LEADER | 00000cas a2200000 a 4500 | ||
|---|---|---|---|
| 001 | vtls008700630 | ||
| 003 | SK-MaSNL | ||
| 005 | 20260501221239.0 | ||
| 008 | 171108c19939999xo mr p 0 b0slo | ||
| 022 | |a 1339-3251 | ||
| 040 | |a SNK |b slo |c SNK |e AACR2 | ||
| 041 | 0 | |a slo | |
| 043 | |a e-xo--- | ||
| 044 | |a xo |c SK | ||
| 072 | 7 | |a 394 |x Verejný a spoločenský život. Každodenný život |2 konspekt | |
| 072 | 7 | |a 352/354 |x Stupne miestnej, oblastnej a ústrednej správy |2 konspekt | |
| 072 | 7 | |a 316.7 |x Sociológia kultúry. Kultúrny život |2 konspekt | |
| 080 | |a 394 |2 2011 | ||
| 080 | |a 353.9 |2 2011 | ||
| 080 | |a 316.728 |2 2011 | ||
| 080 | |a (437.6) |2 2011 | ||
| 080 | |a (051)+(054) |2 2011 | ||
| 080 | |a 050 |2 2011 | ||
| 210 | 0 | |a Modranské zvesti | |
| 222 | 0 | |a Modranské zvesti | |
| 245 | 0 | 0 | |a Modranské zvesti |
| 260 | |a Modra |b Mesto |c 1993- | ||
| 260 | 2 | |3 1/2014-8/2016 |a Modra |b Mestské kultúrne stredisko | |
| 260 | 2 | |3 9/2016-3/2021 |a Modra |b Média Modra, s.r.o. | |
| 260 | 3 | |3 4/2021- |a Modra |b Kultúrne centrum Modra | |
| 300 | |a zv. |c 30-32 cm | ||
| 310 | |a 1x mesačne |b 17/2007- | ||
| 321 | |a 1x mesačne |b [1993]-6/2006 | ||
| 321 | |a 1x za 2 týždne |b 7/2006-16/2007 | ||
| 362 | 0 | |a 1993- |z Národná agentúra ISSN/2017 | |
| 500 | |a Popis podľa: Roč. II, č. 1 (1994) | ||
| 500 | |a Reg. č.: 1/311/11-2/1994 ; EV 449/08 | ||
| 500 | |a Redaktori sa menia | ||
| 500 | |a Súčasťou Modranských zvestí v č. 5/2006 a v č. 15/2006 je titul Mladá Modra plus | ||
| 500 | |a Od č. 4/2008 rozmer zv. 32 cm, od r. 2016- , rozmer zv. 30 cm | ||
| 525 | |a Príl.: Vinobranie 1994, Malokarpatské vinobranie 2002, Vinobranie Modra, Marcové záplavy v Modre, Povedzme si to priamo!, Komunálne voľby, Programové priority poslancov mest. zastupiteľstva mesta Modra | ||
| 650 | 0 | 7 | |a každodenný život |2 SNKPH |9 4946 |
| 650 | 0 | 7 | |a územná samospráva |2 SNKPH |9 802 |
| 651 | 7 | |a Modra (Slovensko) |2 SNKPHgeo |9 15238 | |
| 655 | 7 | |a miestne periodiká |2 SNKPH |9 160938 | |
| 856 | 4 | 1 | |u https://www.modra.sk/modranske-zvesti/ds-1022 |
| 910 | |a snk | ||
| 916 | |a 1994-2016 | ||
| 999 | |c 869 |d 869 | ||
| 952 | |t č. 1-12 |a SNK |b SNK |y PREZ |7 0 |p 17A1520578 |o snkČSB 5330/28/2020 |i snk2023/10398 |8 0 |0 0 |1 0 |4 0 |d 2023-07-04 |l 0 |r 2026-02-21 19:48:23 |w 2026-02-21 | ||
| 952 | |t č. 1-12 |a SNK |b SNK |y PREZ |7 0 |p 17A1520577 |o snkČSB 5330/29/2021 |i snk2023/10399 |8 0 |0 0 |1 0 |4 0 |d 2023-07-04 |l 0 |r 2026-02-21 19:48:23 |w 2026-02-21 | ||
| 952 | |t č. 1-12 |a SNK |b SNK |y PREZ |7 0 |p 17A1520576 |o snkČSB 5330/30/2022 |i snk2023/10400 |8 0 |0 0 |1 0 |4 0 |d 2023-07-04 |l 0 |r 2026-02-21 19:48:23 |w 2026-02-21 | ||
| 952 | |t č. 1-12 |a SNK |b SNK |y PREZ |7 0 |p 17A1557314 |o snkČSB 5330/31/2023 |i snk2025/10726 |8 0 |0 0 |1 0 |4 0 |d 2025-07-08 |l 0 |r 2026-02-21 19:49:32 |w 2026-02-21 | ||
| 952 | |t č. 1-12 |a SNK |b SNK |y PREZ |7 0 |p 17A1557315 |o snkČSB 5330/32/2024 |i snk2025/10730 |8 0 |0 0 |1 0 |4 0 |d 2025-07-08 |l 0 |r 2026-02-21 19:49:32 |w 2026-02-21 | ||
| 952 | |t č. 1-12 + príl. |a SNK |b SNK |y PREZ |7 0 |p 17A0524966 |o snkČSB 5330/8/2000 |i snk2007/6626 |8 0 |z Príl.: Vinobranie Modra |f 1 |0 0 |1 0 |4 0 |d 2007-03-09 |l 0 |r 2026-02-21 20:07:21 |w 2026-02-21 | ||
| 952 | |t č. 1-12 |a SNK |b SNK |y PREZ |7 0 |p 17A0524813 |o snkČSB 5330/5/1997 D1 |i snk2007/3207 |8 0 |0 0 |1 0 |4 0 |d 2007-02-02 |l 0 |r 2026-02-21 20:14:46 |w 2026-02-21 | ||
| 952 | |t č. 1-11 + príl. |a SNK |b SNK |y PREZ |7 0 |p 17A0524818 |o snkČSB 5330/2/1994 |i snk2007/3175 |8 0 |z Príl.: Vinobranie 1994 |f 1 |0 0 |1 0 |4 0 |d 2007-02-02 |l 0 |r 2026-02-21 20:19:22 |w 2026-02-21 | ||
| 952 | |t č. 2-11, neúplné |a SNK |b SNK |y PREZ |7 0 |p 17A0524819 |o snkČSB 5330/2/1994 D1 |i snk2007/3176 |8 0 |z Chýba č. 1,4,6,7,8 |0 0 |1 0 |4 0 |d 2007-02-02 |l 0 |r 2026-02-21 20:19:37 |w 2026-02-21 | ||
| 952 | |t č. 1-12 |a SNK |b SNK |y PREZ |7 0 |p 17A0524816 |o snkČSB 5330/3/1995 |i snk2007/3178 |8 0 |f 1 |0 0 |1 0 |4 0 |d 2007-02-02 |l 0 |r 2026-02-21 20:19:37 |w 2026-02-21 | ||
| 952 | |t č. 1-12, neúplné |a SNK |b SNK |y PREZ |7 0 |p 17A0524817 |o snkČSB 5330/3/1995 D1 |i snk2007/3179 |8 0 |z Chýba č. 2 |0 0 |1 0 |4 0 |d 2007-02-02 |l 0 |r 2026-02-21 20:19:37 |w 2026-02-21 | ||
| 952 | |t č. 1-12 |a SNK |b SNK |y PREZ |7 0 |p 17A0524810 |o snkČSB 5330/6/1998 |i snk2007/3209 |8 0 |f 1 |0 0 |1 0 |4 0 |d 2007-02-02 |l 0 |r 2026-02-21 20:19:38 |w 2026-02-21 | ||
| 952 | |t č. 1-12 |a SNK |b SNK |y PREZ |7 0 |p 17A0524811 |o snkČSB 5330/6/1998 D1 |i snk2007/3212 |8 0 |0 0 |1 0 |4 0 |d 2007-02-02 |l 0 |r 2026-02-21 20:19:38 |w 2026-02-21 | ||
| 952 | |t č. 1-12, neúplné |a SNK |b SNK |y PREZ |7 0 |p 17A0524809 |o snkČSB 5330/7/1999 |i snk2007/3213 |8 0 |z Chýba č. 4,10 |f 1 |0 0 |1 0 |4 0 |d 2007-02-02 |l 0 |r 2026-02-21 20:19:38 |w 2026-02-21 | ||
| 952 | |t č. 1-12 |a SNK |b SNK |y PREZ |7 0 |p 17A0524814 |o snkČSB 5330/4/1996 |i snk2007/3201 |8 0 |f 1 |0 0 |1 0 |4 0 |d 2007-02-02 |l 0 |r 2026-02-21 20:19:40 |w 2026-02-21 | ||
| 952 | |t č. 1-12 |a SNK |b SNK |y PREZ |7 0 |p 17A0524815 |o snkČSB 5330/4/1996 D1 |i snk2007/3204 |8 0 |0 0 |1 0 |4 0 |d 2007-02-02 |l 0 |r 2026-02-21 20:19:40 |w 2026-02-21 | ||
| 952 | |t č. 1-12 |a SNK |b SNK |y PREZ |7 0 |p 17A0524812 |o snkČSB 5330/5/1997 |i snk2007/3205 |8 0 |f 1 |0 0 |1 0 |4 0 |d 2007-02-02 |l 0 |r 2026-02-21 20:19:40 |w 2026-02-21 | ||
| 952 | |t č. 1-12, neúplné |a SNK |b SNK |y PREZ |7 0 |p 17A0524976 |o snkČSB 5330/7/1999 D1 |i snk2007/6625 |8 0 |z Chýba č. 4,5,10 |0 0 |1 0 |4 0 |d 2007-03-09 |l 0 |r 2026-02-21 20:27:14 |w 2026-02-21 | ||
| 952 | |t č. 1-12, neúplné |a SNK |b SNK |y PREZ |7 0 |p 17A0524967 |o snkČSB 5330/8/2000 D1 |i snk2007/6628 |8 0 |z Chýba č. 11 |0 0 |1 0 |4 0 |d 2007-03-09 |l 0 |r 2026-02-21 20:27:15 |w 2026-02-21 | ||
| 952 | |t č. 1-12 + príl. |a SNK |b SNK |y PREZ |7 0 |p 17A0524968 |o snkČSB 5330/10/2002 |i snk2007/6629 |8 0 |z Príl.: Malokarpatské vinobranie 2002 |f 1 |0 0 |1 0 |4 0 |d 2007-03-09 |l 0 |r 2026-02-21 20:27:15 |w 2026-02-21 | ||
| 952 | |t č. 1-12 |a SNK |b SNK |y PREZ |7 0 |p 17A0524969 |o snkČSB 5330/10/2002 D1 |i snk2007/6630 |8 0 |0 0 |1 0 |4 0 |d 2007-03-09 |l 0 |r 2026-02-21 20:27:15 |w 2026-02-21 | ||
| 952 | |t č. 1-12, neúplné |a SNK |b SNK |y PREZ |7 0 |p 17A1264872 |o snkČSB 5330/9/2001 |i snk2017/24257 |8 0 |z Chýba č. 4 |f 1 |0 0 |1 0 |4 0 |d 2017-11-06 |l 0 |r 2026-02-21 22:11:46 |w 2026-02-21 | ||
| 952 | |t č. 1-12, neúplné |a SNK |b SNK |y PREZ |7 0 |p 17A1264873 |o snkČSB 5330/11/2003 |i snk2017/24268 |8 0 |z Chýba č. 10 |f 1 |0 0 |1 0 |4 0 |d 2017-11-06 |l 0 |r 2026-02-21 22:11:46 |w 2026-02-21 | ||
| 952 | |t č. 1-12, neúplné |a SNK |b SNK |y PREZ |7 0 |p 17A1264874 |o snkČSB 5330/12/2004 |i snk2017/24268 |8 0 |z Chýba č. 7-12 |f 1 |0 0 |1 0 |4 0 |d 2017-11-06 |l 0 |r 2026-02-21 22:11:46 |w 2026-02-21 | ||
| 952 | |t č. 1-12, neúplné |a SNK |b SNK |y PREZ |7 0 |p 17A1264875 |o snkČSB 5330/13/2005 |i snk2017/24268 |8 0 |z Chýba č. 9-12 |f 1 |0 0 |1 0 |4 0 |d 2017-11-06 |l 0 |r 2026-02-21 22:11:46 |w 2026-02-21 | ||
| 952 | |t č. 1-18 + príl. |a SNK |b SNK |y PREZ |7 0 |p 17A1264876 |o snkČSB 5330/14/2006 |i snk2017/24268 |8 0 |z Príl.: Téma mesiaca: Marcové záplavy v Modre ; súčasťou Modranských zvestí v č. 5 a v č. 15 je titul Mladá Modra plus (MM+, cool noviny, roč. I, č. III, 2006 a č. V, 2006) |f 1 |0 0 |1 0 |4 0 |d 2017-11-06 |l 0 |r 2026-02-21 22:11:47 |w 2026-02-21 | ||
| 952 | |t č. 1-20 + príl. |a SNK |b SNK |y PREZ |7 0 |p 17A1264877 |o snkČSB 5330/15/2007 |i snk2017/24328 |8 0 |z Príl.: Programové priority poslancov mestského zastupiteľstva mesta Modra |f 1 |0 0 |1 0 |4 0 |d 2017-11-06 |l 0 |r 2026-02-21 22:11:47 |w 2026-02-21 | ||
| 952 | |t č. 1-12 + príl. |a SNK |b SNK |y PREZ |7 0 |p 17A1264878 |o snkČSB 5330/16/2008 |i snk2017/24328 |8 0 |z Príl.: Povedzme si to priamo! |f 1 |0 0 |1 0 |4 0 |d 2017-11-06 |l 0 |r 2026-02-21 22:11:47 |w 2026-02-21 | ||
| 952 | |t č. 1-12 |a SNK |b SNK |y PREZ |7 0 |p 17A1264879 |o snkČSB 5330/17/2009 |i snk2017/24328 |8 0 |f 1 |0 0 |1 0 |4 0 |d 2017-11-06 |l 0 |r 2026-02-21 22:11:47 |w 2026-02-21 | ||
| 952 | |t č. 1-12 + príl. |a SNK |b SNK |y PREZ |7 0 |p 17A1264880 |o snkČSB 5330/18/2010 |i snk2017/24370 |8 0 |z Príl.: Komunálne voľby 2010 |f 1 |0 0 |1 0 |4 0 |d 2017-11-07 |l 0 |r 2026-02-21 22:11:48 |w 2026-02-21 | ||
| 952 | |t č. 1-12 |a SNK |b SNK |y PREZ |7 0 |p 17A1264881 |o snkČSB 5330/19/2011 |i snk2017/24370 |8 0 |f 1 |0 0 |1 0 |4 0 |d 2017-11-07 |l 0 |r 2026-02-21 22:11:48 |w 2026-02-21 | ||
| 952 | |t č. 1-12, neúplné |a SNK |b SNK |y PREZ |7 0 |p 17A1264882 |o snkČSB 5330/20/2012 |i snk2017/24370 |8 0 |z Chýba č. 9 (dostupné v PDF) |f 1 |0 0 |1 0 |4 0 |d 2017-11-07 |l 0 |r 2026-02-21 22:11:48 |w 2026-02-21 | ||
| 952 | |t č. 1-12 |a SNK |b SNK |y PREZ |7 0 |p 17A1264883 |o snkČSB 5330/21/2013 |i snk2017/24390 |8 0 |f 1 |0 0 |1 0 |4 0 |d 2017-11-07 |l 0 |r 2026-02-21 22:11:48 |w 2026-02-21 | ||
| 952 | |t č. 1-12 |a SNK |b SNK |y PREZ |7 0 |p 17A1265975 |o snkČSB 5330/22/2014 |i snk2017/24390 |8 0 |f 1 |0 0 |1 0 |4 0 |d 2017-11-07 |l 0 |r 2026-02-21 22:11:48 |w 2026-02-21 | ||
| 952 | |t č. 1-12 |a SNK |b SNK |y PREZ |7 0 |p 17A1265976 |o snkČSB 5330/23/2015 |i snk2017/24390 |8 0 |f 1 |0 0 |1 0 |4 0 |d 2017-11-07 |l 0 |r 2026-02-21 22:11:48 |w 2026-02-21 | ||
| 952 | |t č. 1-12 |a SNK |b SNK |y PREZ |7 0 |p 17A1265977 |o snkČSB 5330/24/2016 |i snk2017/24405 |8 0 |f 1 |0 0 |1 0 |4 0 |d 2017-11-07 |l 0 |r 2026-02-21 22:11:48 |w 2026-02-21 | ||
| 952 | |t č. 1-12, neúplné |a SNK |b SNK |y PREZ |7 0 |p 17A1386156 |o snkČSB 5330/25/2017 |i snk2020/1413 |8 0 |z Chýba č. 11,12 |0 0 |1 0 |4 0 |d 2020-01-23 |l 0 |r 2026-02-21 22:22:30 |w 2026-02-21 | ||
| 952 | |t č. 1-12 |a SNK |b SNK |y PREZ |7 0 |p 17A1386157 |o snkČSB 5330/26/2018 |i snk2020/1416 |8 0 |0 0 |1 0 |4 0 |d 2020-01-23 |l 0 |r 2026-02-21 22:22:30 |w 2026-02-21 | ||
| 952 | |t č. 1-12 |a SNK |b SNK |y PREZ |7 0 |p 17A1432755 |o snkČSB 5330/27/2019 |i snk2020/20436 |8 0 |0 0 |1 0 |4 0 |d 2020-11-09 |l 0 |r 2026-02-21 22:23:36 |w 2026-02-21 | ||


